Quizzes
Events
Quiz Creation
Community
Videos
Private Events
Remove Ads
Sign In
Join for FREE
Feedback
Dark Mode
Quiz Categories
Sports
Geography
Music
Movies
Television
Just For Fun
Miscellaneous
History
Literature
Language
Science
Gaming
Entertainment
Religion
Holiday
For Kids
Quiz Lab
Recent
Popular Today
Quiz Kudos Today
Editor Picks
Curator Picks
Quizzes by...
Day
Popularity
Type
Ratings
Length
Year
Community
Subscriptions
Recent Discussions
Orange Saloon
Badges
Playlists
Quests
Create
Leaderboards
Showdown
Live 5
Trivia Bingo
Activity
Puzzle Library
Sporcle Events
Private Events
Virtual Trivia
Globe League
Become a Host
Pub Owners
SporcleCon
Opinionation
Our Games
Videos
Blog
Mobile Apps
Partnerships
Remove Ads and Go Orange
Feedback
Sports
Athletes
MLB
NBA
NHL
NFL
Soccer
Sports Teams
WWE
NCAA
Football
Premier League
Basketball
Baseball
Hockey
Golf
Tennis
Cricket
Rugby
Auto Racing
Olympics
World Cup
Sports
Athletes
MLB
NBA
NHL
NFL
Soccer
Sports Teams
WWE
NCAA
Football
Premier League
Basketball
Baseball
Hockey
Golf
Tennis
Cricket
Rugby
Auto Racing
Olympics
World Cup
Random Quiz
Search Sporcle
×
Quiz Lab
Quiz Lab
Sports
Canada
Type in answers that appear in a list
Type in answers that appear in a list
Classic
Best Score? Go Orange.
2006 Canadian Mens Olympic Hockey Team Stats
Can you name the 2006 Canadian Mens Olympic Hockey Team?
By
zcoop20
10m
27 Questions
703 Plays
703 Plays
703 Plays
Comments
Comments
Give Quiz Kudos
Give Quiz Kudos
-
- Ratings
hide this ad
Replay
Link that replays current quiz
Next Quiz
Link to next quiz in quiz playlist
You Got
0%
They Got
Avg Score
83%
Avg Friend Score
Upgrade to see
Score Distribution
Jump to the score distribution portion of the page
Score
0/27
Timer
10:00
0
Plays Today
Position
Player Name
% Correct
Forward (Captain)
Joe Sakic
98%
Goalie
Martin Brodeur
95.9%
Forward
Jarome Iginla
95.6%
Forward
Rick Nash
94.6%
Forward
Martin St. Louis
93.4%
Forward
Joe Thornton
93.3%
Forward
Shane Doan
92.9%
Goalie
Roberto Luongo
91.6%
Forward
Vincent Lecavalier
91.5%
Forward (Reserve)
Eric Staal
91.3%
Goalie
Marty Turco
90.2%
Forward
Dany Heatley
89.6%
Forward (Reserve)
Jason Spezza
87.6%
Defence (Injured)
Scott Niedermayer
87.6%
Position
Player Name
% Correct
Forward
Brad Richards
86%
Forward
Todd Bertuzzi
80.8%
Defence
Chris Pronger
80.5%
Defence
Rob Blake
79.8%
Defence
Adam Foote
78.1%
Forward
Simon Gagne
75.6%
Defence
Wade Redden
70.5%
Defence
Jay Bouwmeester
69.5%
Defence
Bryan McCabe
69.5%
Defence
Robyn Regehr
67%
Defence (Injured)
Ed Jovanovski
66.5%
Defence (Reserve)
Dan Boyle
64.2%
Forward
Kris Draper
60.7%
Quiz Playlist
Details
Report
Send in Message
Add To Playlist
Classic:
Type in answers that appear in a list
Last Updated: Feb 16, 2017
Quiz Scoreboard
CHALLENGE
Sign Up to Join the Scoreboard
Show All
Scores
Hide
Comments
May contain spoilers
Recently Published
An Introduction to Baseball
by treessimontrees
Sports
5m
Movies - When Are They Set?
by FPL_Elf
Movies
5m
Popular People in 1961
by mucciniale
History
6m
More to Explore
Quiz From the Vault
Featured Blog Post
Where Did the Easter Bunny Come From?
hide this ad
You Might Also Like...
Tags
Canada Quiz
Football Quiz
Hockey Quiz
NHL Quiz
Olympics Quiz
2006
men
Men's Olympic
Player
team
Today's Top Quizzes in Sports
Browse Sports
hide this ad
Today's Top Quizzes in Canada
Browse Canada
Top Contributed Quizzes in Sports
1
Les meilleurs buteurs des matchs entre le PSG et l’OM
2
2022 World Cup Stars
3
FIFA Club World Cup Champions
4
Les entraîneurs de l'OM et du PSG au 21e siècle
5
Name the Premier League winners with different clubs
6
La finale Lions - Afrique du Sud 2021
7
Les joueurs passés par le LOSC et le RC Lens
8
Criteria MLB: Left Handed Sluggers
9
Players with Multiple 50 Home Run Seasons
10
5-to-1: UK Sports Teams
Explore More
Trending Topics
Harry Potter
Marvel
Crossword
Disney
NBA
Kpop
Anime
Song
Country
The Office
NFL
Puzzle
Soccer
Pokémon
WWE
hide this ad
More By:
zcoop20
Quiz
Plays
Rating
Category
Featured
Created
2003 NHL Entry Draft
979
5.00
Sports
Oct 7, 2009
2002 Canadian Olympic Mens Hockey Team
819
4.33
Sports
Sep 27, 2009
2006 NHL Entry Draft
720
5.00
Sports
Oct 8, 2009
2006 Canadian Mens Olympic Hockey Team
703
4.00
Sports
Oct 8, 2009
Go to Creator's Profile
Score Distribution
Quiz Creator Spotlight
zcoop20
Follow
Send a Message
Quizzes Created
-
Created Quiz Play Count
-
More By This Creator
Popular Quizzes Today
1
Find the Countries of Europe - No Outlines Minefield
2
Find the US States - No Outlines Minefield
3
The Countries of the World
4
Popular People in 1961
5
Find the US States
6
US States
7
1-10 Letter E Words III
8
Risky Map Clicking: Biggest States A-Z
More Sports Quizzes
Lower League Football Club Names
Quiz Lab
Trending Quizzes
Risky Map Clicking: Least Populous States A-Z
1-10 Letter F Words
1-10 Letter G Words
Not Quite an Element Typing Challenge
One Thing in Common: United Kingdom
Recently Updated
Leaping Animals
pecheneg
Reality TV Shows (A-Z)
bhenderson79
Rickey Henderson's Hall of Fame Teammates
pecheneg
Champions League XIs: Arsenal
pecheneg
Quick Pick: Celebrities in WWE's Hall of Fame
aduchscher
A-Z Keypad Blitz II
pecheneg
Multiple Oscar Actors
pecheneg
Mystery Phrase Blitz: Oscar 'Best Actors'
pecheneg
F. Scott Fitzgerald Novels
LTH
Pick 3 Villains
ddd62291
Trending Topics
Harry Potter
Kpop
NBA
Anime
Disney
Marvel
Crossword
Pokémon
Song
Country
Puzzle
The Office
Soccer
WWE
NFL
Your Account Isn't Verified!
In order to create a playlist on Sporcle, you need to verify the email address you used during registration. Go to your
Sporcle Settings
to finish the process.
Report this User
Report this user for behavior that violates our
Community Guidelines
.
Details:
Send Report
Go to the Sporcle.com Mobile Site →
Comments